000
00297nam a2200133Ia 4500
100
_a
Chung/ Deborahd L
942
_c
BK
654
_a
MEP
245
_a
Mastering for Electronic Packaging
260
_b
Butterworth-Heinemann
_a
New Delhi
_c
1995
300
_a
368
546
_a
ENGLISH
999
_c
25527
_d
25527